000 00956pam a2200289 i 4500
001 6710
003 BDjRUL
005 20211208234309.0
008 140112s1978 nyua 001 0 eng d
020 _a0471442607
035 _a(BDjRUL)6751
040 _aDLC
_cDLC
_dMYG
_beng
041 _aeng
082 _223
_a519.5
_bJES 1978
100 1 _aJessen, Raymond J.,
_d1910-2003.
_921089
245 1 0 _aStatistical survey techniques /
_cRaymond J. Jessen.
260 _aNew York :
_bWiley,
_cc1978.
300 _avi, 520 p. :
_bill. ;
_c24 cm.
490 1 _aWiley series in probability and mathematical statistics
490 1 _aWiley publication in applied statistics
504 _aIncludes bibliographies and index.
650 0 _aSampling (Statistics)
_9967
650 0 _aStatistics.
_921090
830 0 _aWiley series in probability and mathematical statistics.
_9160214
830 0 _aWiley publication in applied statistics.
_9160215
942 _2ddc
_cBK
999 _c6710
_d6710